00914nam a22002657a 45000010005000000030006000050050017000110080041000280200018000690400029000870820008001161000027001242450147001512600031002983000022003294900025003515050006003765200136003825210018005185210018005366500012005547000027005667000023005937000032006161514FISKH20231002084602.0230901b cb ||||| |||| 00| 0 eng d a9789924341024 aFISKHbengcFISKHdFISKH a708 aChheang, Sun Heng Meng aExploring the national museum of CambodiacThis collective work as been written under the direction of Sun Heng Meng Chheang and Marie Caillet aPhnom Penh :bSipar,c2020 a48 pages :c21 cm 3i would like to know aU aThis book provides a broad overview of Cambodian history and the main features and attractions at the National Museum of Cambodia. 8 a1000 bLexile8 aU bRaz-Plus 2Museums aCaillat, Marieeauthor aVelychko, Katerina aCollins, Daryleproofreader